000
00301 a2200157 4500
001
161565
020
_a
040
_c
Magnum
100
_a
Schueller, Elcio
240
1
0
_a
Doce e salgado
_l
por
245
1
0
_a
Doce e salgado
362
0
_a
1899
440
1
_a
LĂȘ
697
_a
I/GERAL
942
_c
BK
999
_c
161565
_d
161565